000 01087nam a2200229Ia 4500
999 _c37540
_d37540
001 3505
003 GE_BSU
005 20190618162538.0
008 181216s1969||||ge |||||||||||||| ||geo||
040 _cGE_BSU
041 _ageo
080 _a616.346.5+611.95 კ–37
100 _aკახიანი, ვ.
_92559
245 _aილეოცეკალური კუთხის ქირურგიული ანატომია :
_bმონოგრაფია /
_cწინასიტყვ. დ. იოსელიანისა ; ექსპერიმ. და კლინ. ქირურგიის ინ-ტი.
264 _aთბილისი :
_bმეცნიერება,
_c1969.
300 _a496 გვ. :
_bილ. და ცხრილ. 11 ფ. ილ. ;
_c26 სმ.
504 _aბიბლიოგრ: გვ. 465-496.
518 _aრეზუმე რუს. ენ..
653 _aილეოცეკალური კუთხე
653 _aქირურგიული ანატომია
942 _cBK
_2udc